El impuesto a las ganancias sobre la cuarta categoría (Registro nro. 29832)
[ vista simple ]
| 000 -LEADER | |
|---|---|
| fixed length control field | 00338 a2200109 4500 |
| 001 - CONTROL NUMBER | |
| control field | ART_50542 |
| 005 - DATE AND TIME OF LATEST TRANSACTION | |
| control field | 20260410161945.0 |
| 008 - FIXED-LENGTH DATA ELEMENTS--GENERAL INFORMATION | |
| fixed length control field | 260409a |
| 100 1# - MAIN ENTRY--PERSONAL NAME | |
| Personal name | Toselli, Vanessa N. |
| 245 10 - TITLE STATEMENT | |
| Title | El impuesto a las ganancias sobre la cuarta categoría |
| 773 0# - HOST ITEM ENTRY | |
| Title | Temas de derecho laboral |
| Related parts | - N° 2 (feb. 2020) |
| Record control number | REV27619 |
No hay ítems disponibles.